Technologický postup a konštrukcia zápustky pre výkovok tvaru páky s podporou počítača

Uložené v:
Podrobná bibliografia
Hlavný autor: Jurík, Patrik (Autor)
Ďalší autori: Kapustová, Mária (Vedúci práce)
Médium: Rukopis Kniha
Jazyk:Slovak
Vydavateľské údaje: 2016
Predmet:
On-line prístup:http://is.stuba.sk/zp/portal_zp.pl?podrobnosti=106155
Tagy: Pridať tag
Žiadne tagy, Buďte prvý, kto otaguje tento záznam!

MARC

LEADER 00000ntm a22000003a 4500
001 stuzp55896
003 SK-STU
005 20160719154839.8
007 ta
008 150427s2015----xo-----f-mn---000-0-slo-d
040 |a STU  |b slo 
041 0 |a slo 
100 1 |a Jurík, Patrik  |u 063000  |4 aut  |U MTF Materiálovotechnologická fakulta  |T MTF Ústav výrobných technológií  |X 71865  |U M3000  |Y 83  |7 71865 
242 0 1 |a Technologic process and construction of the die for forging shape lever with using computer aided  |y eng 
245 1 0 |a Technologický postup a konštrukcia zápustky pre výkovok tvaru páky s podporou počítača 
260 |c 2016 
650 4 |a model kovacej zápustky  |2 slo 
650 4 |a otvorená zápustka  |2 slo 
650 4 |a výkovok  |2 slo 
650 4 |a CAD systémy  |2 slo 
650 4 |a zápustkové kovanie  |2 slo 
650 4 |a die forging  |2 eng 
650 4 |a open die  |2 eng 
650 4 |a drop forging  |2 eng 
650 4 |a CAD systems  |2 eng 
650 4 |a model of forging die  |2 eng 
700 1 |a Kapustová, Mária  |u 063600  |k Z1  |4 ths  |U MTF Ústav výrobných technológií  |T MTF Katedra obrábania a tvárnenia  |X 209  |U M3600  |Y 841  |7 A000000209 
856 4 |u http://is.stuba.sk/zp/portal_zp.pl?podrobnosti=106155 
996 |c M* BP-7688  |l MMSKP  |s P  |a 0  |w stuzp55896_0001 
SQL |a stuzp55896  |b DBP  |c SLO  |d Technologický postup a konštrukcia zápustky pre výkovok tvaru páky s podporou počítača  |e 71865  |f Jurík, Patrik  |g 063000  |h 209  |i Kapustová, Mária  |j 20160621  |k 174  |l 06  |m http://is.stuba.sk/zp/portal_zp.pl?podrobnosti=106155  |n B-PPT  |o 5.2.51. výrobné technológie